Normal view
MARC view
Entry Personal Name
001 - CONTROL NUMBER
- control field: 793144
003 - CONTROL NUMBER IDENTIFIER
- control field:
005 - DATE AND TIME OF LATEST TRANSACTION
- control field: 20210627055012.0
008 - FIXED-LENGTH DATA ELEMENTS
- fixed length control field: 210627|| aca||aabn | a|a d
040 ## - CATALOGING SOURCE
- Original cataloging agency:
- Transcribing agency:
100 ## - HEADING--PERSONAL NAME
- Personal name: Merritt, Ernest George,
- Dates associated with a name: 1865-
670 ## - SOURCE DATA FOUND
- Source citation: Work cat.: ()665133: Nichols, Edward L. (Edward Leamington), 1854- 793140, Studies in luminescence /, 1912
